APEC Schools

Fisherman's Luck and Some Other Uncertain Things / (Record no. 3288)

000 -LEADER
fixed length control field 00871cam a22002173a 4500
005 - DATE AND TIME OF LATEST TRANSACTION
control field 20180426083734.0
008 - FIXED-LENGTH DATA ELEMENTS--GENERAL INFORMATION
fixed length control field 971201s1997||||xxu|||||s|||||000 | eng d
040 ## - CATALOGING SOURCE
Transcribing Agency APEC Schools Library
Description Conventions rda
041 ## - LANGUAGE CODE
Language code of text/sound track or separate title eng
100 1# - CREATOR
Preferred Name of the Person Van Dyke, Henry,
Dates Associated with the Person 1852-1933
245 10 - TITLE AND STATEMENT OF RESPONSIBILITY
Preferred Title Proper Fisherman's Luck and Some Other Uncertain Things /
Statement of Responsibility/Parallel Statement of Responsibility Henry Van Dyke
336 ## - RDA CONTENT
Source rdacontent
Content Type text
337 ## - RDA MEDIA
Source rdamedia
Media Type computer
338 ## - RDA CARRIER
Source rdacarrier
Carrier Type online resource
505 0# - CONTENTS
Related Work = Contents Fisherman's luck -- The thrilling moment -- Talkability -- A wild strawberry -- Lovers and landscape -- A fatal success -- Fishing in books -- A Norwegian honeymoon -- Who owns the mountains? -- A lazy, idle brook -- The open fire -- A slumber song for the fisherman's child.
506 ## - RESTRICTIONS ON ACCESS NOTE
Restriction on Access Note Public domain in the USA.
516 ## - TYPE OF COMPUTER FILE OR DATA NOTE
Type of computer file or data note Text
653 ## - INDEX TERM--UNCONTROLLED
Uncontrolled term Fishing
655 ## - GENRE
Genre/form data or focus term electronic books
856 40 - ELECTRONIC LOCATION AND ACCESS
Uniform Resource Identifier https://goo.gl/gcgXkr
942 ## - ADDED ENTRY ELEMENTS (KOHA)
Source of Classification
Koha Item Type E-book/Online Resources
Holdings
Status Library Full Classification Number Uniform Resource Identifier Koha Item Type
Available Online APEC Chain of Schools Library APEC Chain https://tinyurl.com/22z59daq E-book/Online Resources

Powered by Koha